Manual of cardiovascular medicine / (Record no. 376)

000 -LEADER
fixed length control field 00998nam a22003257a 4500
001 - CONTROL NUMBER
control field 20541270
003 - CONTROL NUMBER IDENTIFIER
control field OSt
005 - DATE AND TIME OF LATEST TRANSACTION
control field 20241124180617.0
008 - FIXED-LENGTH DATA ELEMENTS--GENERAL INFORMATION
fixed length control field 180614s2019 pau bf 001 0 eng
010 ## - LIBRARY OF CONGRESS CONTROL NUMBER
LC control number 2018028784
020 ## - INTERNATIONAL STANDARD BOOK NUMBER
International Standard Book Number 9781496312600 (paperback)
040 ## - CATALOGING SOURCE
Original cataloging agency DLC
Language of cataloging eng
Transcribing agency DLC
Description conventions rda
Modifying agency DLC
042 ## - AUTHENTICATION CODE
Authentication code pcc
050 00 - LIBRARY OF CONGRESS CALL NUMBER
Classification number RC682
Item number .M315 2019
080 ## - UNIVERSAL DECIMAL CLASSIFICATION NUMBER
Universal Decimal Classification number 616.12
Item number M-26
082 00 - DEWEY DECIMAL CLASSIFICATION NUMBER
Classification number 616.1/2
Edition number 23
084 ## - OTHER CLASSIFICATION NUMBER
Classification number MED010000
Number source bisacsh
245 00 - TITLE STATEMENT
Title Manual of cardiovascular medicine /
Statement of responsibility, etc. editor, Brian P. Griffin
250 ## - EDITION STATEMENT
Edition statement Fifth edition.
260 ## - PUBLICATION, DISTRIBUTION, ETC.
Place of publication, distribution, etc. Philadelphia :
Name of publisher, distributor, etc. Wolters Kluwer Health,
Date of publication, distribution, etc. 2019.
300 ## - PHYSICAL DESCRIPTION
Extent 1059 pages
365 ## - TRADE PRICE
Price amount 45.98 usd
504 ## - BIBLIOGRAPHY, ETC. NOTE
Bibliography, etc. note Includes bibliographical references and index.
650 #0 - SUBJECT ADDED ENTRY--TOPICAL TERM
Topical term or geographic name entry element Cardiology
Form subdivision Handbooks, manuals, etc.
650 #0 - SUBJECT ADDED ENTRY--TOPICAL TERM
Topical term or geographic name entry element Heart
General subdivision Diseases
Form subdivision Handbooks, manuals, etc.
650 #7 - SUBJECT ADDED ENTRY--TOPICAL TERM
Topical term or geographic name entry element MEDICAL / Cardiology.
Source of heading or term bisacsh
653 ## - INDEX TERM--UNCONTROLLED
Uncontrolled term კარდიოლოგია
700 1# - ADDED ENTRY--PERSONAL NAME
Personal name Griffin, Brian P.,
Dates associated with a name 1956-
Relator term editor.
942 ## - ADDED ENTRY ELEMENTS (KOHA)
Source of classification or shelving scheme
Koha item type Books
Holdings
Withdrawn status Lost status Source of classification or shelving scheme Damaged status Not for loan Permanent location Current location Date acquired Inventory number Total Checkouts Full call number Barcode Date last seen Price effective from Koha item type
          Ken Walker International University Ken Walker International University 11/21/2020 1044   616.12 M-26 1044 11/21/2020 11/21/2020 Books
          Ken Walker International University Ken Walker International University 11/21/2020 1033   616.12 M-26 1033 11/21/2020 11/21/2020 Books

Powered by Koha